Movies Quiz

Random Movies or Letter Quiz

'A' Movies by Picture Quiz Stats

 Plays Quiz Updated Dec 15, 2016

Support Sporcle.
Go Orange.
Score 0/30 Timer 06:00
11 Plays Today
Grid Location Movie % Correct
Aladdin
94.4%
Avatar
90.4%
Alice in Wonderland
84.2%
Aristocats
82.3%
Airplane!
80.5%
Anger Management
69.7%
Anchorman: The Legend of Ron Burgundy
65.2%
Ali
64.6%
Armageddon
62.2%
Amelie
59.9%
Animal House
55.7%
American Psycho
55.4%
The A-Team
46.2%
Amadeus
43.2%
Air Force One
42.5%
Grid Location Movie % Correct
Any Given Sunday
41.9%
Aviator
40.9%
Almost Famous
40.5%
An American Werewolf in London
39.9%
Anna and the King
33.7%
Anaconda
31.3%
Adventures in Babysitting
29.9%
American History X
29.3%
Attack of the 50 Foot Woman
27.2%
The African Queen
24.2%
American Graffiti
23%
Another Stakeout
13.4%
Adaptation
11.9%
All About Eve
8.9%
Army of Darkness
6.1%

You're not logged in!

Compare scores with friends on all Sporcle quizzes.
OR
Log In
Forgot?

From the Vault

Harry Potter Actor-Character Trap

by TheCleverone

There's no one like Hermione to help you out of a trap.
Remove Ads.
Support Sporcle.
Get the best of Sporcle when you Go Orange. This ad-free experience offers more features, more stats, and more fun while also helping to support Sporcle. Thank you for becoming a member.

Show Comments

Extras

Top Quizzes Today


Score Distribution

Your Account Isn't Verified!

In order to create a playlist on Sporcle, you need to verify the email address you used during registration. Go to your Sporcle Settings to finish the process.

Report this User

Report this user for behavior that violates our Community Guidelines.

Details: